| 000 | 00428 a2200145 4500 | ||
|---|---|---|---|
| 999 |
_c5828 _d5828 |
||
| 020 | _a8183183085 | ||
| 050 | _aTP 248 ARO 2003 | ||
| 100 |
_aArora, Mohan P. _eauthor |
||
| 245 |
_aBiotechnology / _cMohan P. Arora |
||
| 264 |
_aMumbai, New Delhi: _bHimalaya Publishing House, _c2003 |
||
| 300 |
_a442p.: _bill. |
||
| 500 | _aIncludes bibliographical references and index | ||
| 650 | _aBiotechnology | ||
| 942 |
_2lcc _cBK _h248 _iARO _kTP |
||